Statistics for Countries with a short coastline

Click here to take the quiz!

General Stats

  • This quiz has been taken 25 times
  • The average score is 8 of 15

Answer Stats

Country Length (km) % Correct
Monaco4.1
96%
Togo56
83%
Gambia80
79%
Slovenia46.6
75%
Bosnia & Herzegovina20
71%
Nauru30
67%
Tuvalu24
58%
Belgium66.5
50%
Lithuania90
46%
Barbados97
46%
Iraq58
42%
Grenada121
38%
Jordan26
29%
Democratic Republic of Congo37
17%
Saint Vincent and the Grenadines84
13%

Score Distribution

Percentile by Number Answered

Percent of People with Each Score

Your Score History

You have not taken this quiz